<?xml version="1.0" encoding="UTF-8"?>
<record
    xmlns:xsi="http://www.w3.org/2001/XMLSchema-instance"
    xsi:schemaLocation="http://www.loc.gov/MARC21/slim http://www.loc.gov/standards/marcxml/schema/MARC21slim.xsd"
    xmlns="http://www.loc.gov/MARC21/slim">

  <leader>00971nam a2200241 i 4500</leader>
  <datafield tag="999" ind1=" " ind2=" ">
    <subfield code="c">357750</subfield>
    <subfield code="d">357750</subfield>
  </datafield>
  <controlfield tag="001">000000330152</controlfield>
  <controlfield tag="003">IT-MiSPE</controlfield>
  <controlfield tag="005">20180120115531.0</controlfield>
  <controlfield tag="008">030930s1985    xx            000 b ita c</controlfield>
  <datafield tag="040" ind1=" " ind2=" ">
    <subfield code="a">PUG</subfield>
    <subfield code="b">ita</subfield>
    <subfield code="c">IT-MiSPE</subfield>
  </datafield>
  <datafield tag="084" ind1=" " ind2=" ">
    <subfield code="a">15 S</subfield>
  </datafield>
  <datafield tag="100" ind1="1" ind2=" ">
    <subfield code="a">Vidal, Sen&#xE9;n,</subfield>
    <subfield code="d">1941-2016.</subfield>
    <subfield code="9">56749</subfield>
  </datafield>
  <datafield tag="240" ind1="1" ind2="0">
    <subfield code="a">Resurrecci&#xF3;n de Jesus en las cartas de Pablo. Italiano. 1985</subfield>
  </datafield>
  <datafield tag="245" ind1="1" ind2="3">
    <subfield code="a">La resurrezione di Ges&#xF9; nelle lettere di Paolo :</subfield>
    <subfield code="b">analisi delle tradizioni /</subfield>
    <subfield code="c">Sen&#xE9;n Vidal.</subfield>
  </datafield>
  <datafield tag="260" ind1=" " ind2=" ">
    <subfield code="a">Assisi :</subfield>
    <subfield code="b">Cittadella,</subfield>
    <subfield code="c">1985.</subfield>
  </datafield>
  <datafield tag="300" ind1=" " ind2=" ">
    <subfield code="a">384 p. ;</subfield>
    <subfield code="c">20 cm</subfield>
  </datafield>
  <datafield tag="490" ind1="1" ind2=" ">
    <subfield code="a">Orizzonti biblici</subfield>
  </datafield>
  <datafield tag="500" ind1=" " ind2=" ">
    <subfield code="a">Tit. orig.: La resurrecci&#xF3;n de Jesus en las cartas de Pablo. Italiano. 1985</subfield>
  </datafield>
  <datafield tag="504" ind1=" " ind2=" ">
    <subfield code="a">Bibliografia: pp. 357-384</subfield>
  </datafield>
  <datafield tag="655" ind1="0" ind2="7">
    <subfield code="a">Sacra Scrittura. Studi sul Nuovo Testamento</subfield>
    <subfield code="x">Paolo: studi e teologia.</subfield>
    <subfield code="2">local</subfield>
    <subfield code="9">56750</subfield>
  </datafield>
  <datafield tag="830" ind1=" " ind2="0">
    <subfield code="a">Orizzonti biblici.</subfield>
    <subfield code="9">35816</subfield>
  </datafield>
  <datafield tag="942" ind1=" " ind2=" ">
    <subfield code="2">ddc</subfield>
    <subfield code="c">BK</subfield>
  </datafield>
  <datafield tag="952" ind1=" " ind2=" ">
    <subfield code="0">0</subfield>
    <subfield code="1">0</subfield>
    <subfield code="2">ddc</subfield>
    <subfield code="4">0</subfield>
    <subfield code="6">227_070000000000000_VID_SE_RE</subfield>
    <subfield code="7">1</subfield>
    <subfield code="a">CINISELLO</subfield>
    <subfield code="b">CINISELLO</subfield>
    <subfield code="d">2018-01-20</subfield>
    <subfield code="l">0</subfield>
    <subfield code="o">227.07 VID se re</subfield>
    <subfield code="r">2018-01-20 00:00:00</subfield>
    <subfield code="w">2018-01-20</subfield>
    <subfield code="y">BK</subfield>
  </datafield>
</record>
